logo

Bir Sreshtho Munshi Abdur Rouf Library
Jhenaidah Cadet College

Simple library cataloging / (Record no. 8011)

MARC details
000 -LEADER
fixed length control field 00765cam a22002651a 4500
001 - CONTROL NUMBER
JCCL Control Number 8011
003 - CONTROL NUMBER IDENTIFIER
JCCL marc code BD-JhCC
005 - DATE AND TIME OF LATEST TRANSACTION
control field 20180217140654.0
008 - FIXED-LENGTH DATA ELEMENTS--GENERAL INFORMATION
fixed length control field 741203s1944 ilua b 001 0 eng
035 ## - SYSTEM CONTROL NUMBER
system control number (BD-JhCC)8011
040 ## - CATALOGING SOURCE
Original cataloging agency DLC
Transcribing agency OT
Modifying agency PPiU
-- DLC
-- BD-JhCC
041 ## - LANGUAGE CODE
Language code of Book eng
050 00 - LIBRARY OF CONGRESS CALL NUMBER
Classification number Z695
Item number .A31 1944
082 1# - DEWEY DECIMAL CLASSIFICATION NUMBER
Classification number 025.3
Author mark and Year AKE 1944
100 1# - MAIN ENTRY--PERSONAL NAME
Personal name Akers, Susan Grey,
Dates associated with a name 1889-
245 10 - TITLE STATEMENT
Title Simple library cataloging /
Statement of responsibility, etc by Susan Grey Akers.
250 ## - EDITION STATEMENT
Edition statement 3rd ed.
260 ## - PUBLICATION, DISTRIBUTION, ETC. (IMPRINT)
Place of publication, distribution, etc Chicago :
Name of publisher, distributor, etc American Library Association,
Date of publication, distribution, etc 1944.
300 ## - PHYSICAL DESCRIPTION
Pagination 197 p. :
Other physical details ill. ;
Dimensions 25 cm.
504 ## - BIBLIOGRAPHY, ETC. NOTE
Bibliography, etc "Aids in the cataloging of a small library": p. 186-190.
650 #0 - SUBJECT ADDED ENTRY--TOPICAL TERM
Topical term or geographic name as entry element Cataloging.
710 2# - ADDED ENTRY--CORPORATE NAME
Corporate name or jurisdiction name as entry element American Library Association.
942 ## - ADDED ENTRY ELEMENTS (KOHA)
Source of classification or shelving scheme Dewey Decimal Classification
Koha item type Books
Holdings
Source of classification or shelving scheme Damaged status Not for loan Home library Current library Shelving location Total Checkouts Full call number Barcode Date last seen Copy number Koha item type
Dewey Decimal Classification     JCC Rouf Library JCC Rouf Library General Stacks   025.3 AKE 1944 10348 02/17/2018 C - 1 Books

JCC Library | Contacts | JCC Home

Last Update on 23 September 2017
Copyright @ 2017-2020 JCC Rouf Library
Rouf Library, Jhenidah Cadet College (JCC), Bangladesh